000 01176nam0a2200289 4500
001 RU\NLR\BIBL_A\012161322
005 20191225144112.0
021 _aRU
_bКН-П-19-085123
_9КН-П-19-6193
035 _a(NLR Aleph) 012161322
035 _a(RuMoRGB)010151953
090 _a12191679
_c12191679
100 _a20191211d2019 u y0rusy50 ca
101 0 _arus
102 _aRU
105 _aac||z|||000zy
200 1 _aКак просчитать идеальный налоговый режим на следующий год
_e18 примеров
_e[а также таблицы, формулы]
_fС. А. Шилкин
210 _aМосква
_cГлавбух
_d2019
215 _a119 с.
_cпортр., табл.
_d20
225 1 _aНовая библиотека журнала "Главбух"
_x1563-3780
_vвып. № 11
606 1 _aНалоги
_yРоссийская Федерация
_2nlr_sh1
_2nlr_sh2
_3RU\NLR\AUTH\661248549
686 1 _aУ26(2)141.3
700 1 _aШилкин
_bС. А.
_gСергей Анатольевич
942 _cBOOK
980 _aNBR
980 _aNB